Sruthitharangam cochlear implantation project for children: Web development in ASP.net (Record no. 5368)

MARC details
000 -LEADER
fixed length control field 00573nam a22001817a 4500
003 - CONTROL NUMBER IDENTIFIER
control field OSt
005 - DATE AND TIME OF LATEST TRANSACTION
control field 20220107122820.0
008 - FIXED-LENGTH DATA ELEMENTS--GENERAL INFORMATION
fixed length control field 161007b xxu||||| |||| 00| 0 eng d
040 ## - CATALOGING SOURCE
Transcribing agency IIITMK
100 ## - MAIN ENTRY--PERSONAL NAME
Personal name Pranav S Satheesh (92214003)
9 (RLIN) 10657
245 ## - TITLE STATEMENT
Title Sruthitharangam cochlear implantation project for children: Web development in ASP.net
Statement of responsibility, etc. Pranav S Satheesh
300 ## - PHYSICAL DESCRIPTION
Extent CS - Major Project
502 ## - DISSERTATION NOTE
Degree type CS<br/>
Year degree granted INT
-- Manojkumar T K
650 ## - SUBJECT ADDED ENTRY--TOPICAL TERM
Topical term or geographic name entry element COMPUTER SCIENCE
9 (RLIN) 10658
650 ## - SUBJECT ADDED ENTRY--TOPICAL TERM
Topical term or geographic name entry element WEB DEVELOPMENT
9 (RLIN) 10659
650 ## - SUBJECT ADDED ENTRY--TOPICAL TERM
Topical term or geographic name entry element COCHLEAR IMPLANTATION
9 (RLIN) 10660
942 ## - ADDED ENTRY ELEMENTS (KOHA)
Source of classification or shelving scheme Dewey Decimal Classification
Koha item type
Holdings
Withdrawn status Lost status Source of classification or shelving scheme Damaged status Not for loan Collection code Home library Current library Shelving location Date acquired Total Checkouts Barcode Date last seen Price effective from Koha item type
    Dewey Decimal Classification     Non Fiction IIITM-K Kerala University of Digital Sciences, Innovation and Technology Knowledge Centre   07/10/2016   R-798 07/10/2016 07/10/2016 Project Reports
    Dewey Decimal Classification       IIITM-K Kerala University of Digital Sciences, Innovation and Technology Knowledge Centre   23/12/2016   R-1158 23/12/2016 23/12/2016 Project Reports